El padrino /

Guardado en:
Autor Principal: Puzo, Mario
Formato: Libro
Publicado: Barcelona : Rba Editores, 1993
Materias:
Etiquetas: Agregar Etiqueta
Sin Etiquetas, Sea el primero en etiquetar este registro!
LEADER 00614nam a22002175a 4500
001 CEM.cems014884
005 20180416155835.0
008 130507s1993##################000#0#####d
003 CEMS
020 |a 8447301206 
082 0 4 |a 853.9 
100 1 |a Puzo, Mario 
245 1 0 |a El padrino /  |c Mario Puzo 
260 |a Barcelona :  |b Rba Editores,  |c 1993 
300 |a 414 p. 
500 |a Título original: The Godfather.traducción de Angel Arnau 
653 |a Literatura 
653 |a Literatura italiana 
653 |a Novelas 
653 |a Novela de suspenso 
859 |a CEMS  |b BIB. CEMS - 11 de abril  |h 853.9  |i P911  |p 27482.18  |t Ej.1